[Event "Titled Tue 26th Aug Late"]
[Site "chess.com INT"]
[Date "2025.08.26"]
[Round "3"]
[White "Chen, Yidong"]
[Black "Banzea, Alexandru-Bogdan"]
[Result "1/2-1/2"]
[BlackTitle "IM"]
[WhiteElo "2068"]
[BlackElo "2394"]
[WhiteFideId "8607028"]
[BlackFideId "1232622"]
[EventDate "2025.08.26"]

1. e4 c6 2. d4 d5 3. e5 Bf5 4. Nf3 e6 5. Be2 Ne7 6. O-O h6 7. Nbd2 Bh7 8. Nb3
Ng6 9. a4 Be7 10. a5 O-O 11. Be3 f6 12. exf6 Bxf6 13. Bd3 Nd7 14. c3 e5 15. dxe5
Ngxe5 16. Bxh7+ Kxh7 17. Nxe5 Nxe5 18. Nc5 Qe7 19. Bd4 b6 20. Nd3 Nd7 21. Qg4
Bxd4 22. Qxd4 Qd6 23. axb6 axb6 24. Rxa8 Rxa8 25. b4 c5 26. bxc5 bxc5 27. Qg4
Rf8 28. h3 Ne5 29. Nxe5 Qxe5 30. Qd1 Qxc3 31. Qxd5 Qd4 32. Qxd4 cxd4 33. Rd1 Rd8
34. Kf1 Kg6 35. Ke2 h5 36. Kd3 Kf6 37. Ra1 g6 38. Ra4 Kg7 39. Rxd4 Ra8 40. Ke4
Ra5 41. g3 Rb5 42. Kf3 Rf5+ 43. Kg2 Ra5 44. g4 hxg4 45. hxg4 Rb5 46. Kg3 Ra5 47.
f3 Rb5 48. Kf4 Ra5 49. g5 Rf5+ 50. Kg4 Rf7 51. Rd6 Ra7 52. f4 Rb7 53. Rf6 Ra7
54. Kf3 Rb7 55. Ke4 Re7+ 56. Kd5 Ra7 57. Re6 Ra5+ 58. Kc6 Ra6+ 59. Kd7 Ra7+ 60.
Kc8 Ra8+ 61. Kb7 Rf8 62. Re4 Rf7+ 63. Kc6 Kg8 64. Kd6 Rf5 65. Rb4 Kg7 66. Ke6
Kg8 67. Rb8+ Kg7 68. Rb7+ Kg8 69. Rb4 Kg7 70. Rb7+ Kg8 71. Rb8+ Kg7 72. Rb7+ 1/2-1/2

[Event "Titled Tue 26th Aug Late"]
[Site "chess.com INT"]
[Date "2025.08.26"]
[Round "3"]
[White "Ferrara, Enzo"]
[Black "Motola, Jacopo"]
[Result "0-1"]
[BlackTitle "FM"]
[WhiteElo "2138"]
[BlackElo "2333"]
[WhiteFideId "137731"]
[BlackFideId "863190"]
[EventDate "2025.08.26"]

1. d4 b6 2. c4 Bb7 3. Nc3 Nf6 4. Nf3 g6 5. Bf4 Bg7 6. Qd2 Ne4 7. Nxe4 Bxe4 8. h4
h6 9. Be5 Bxe5 10. Nxe5 d6 11. Qf4 Bf5 12. Nxf7 Kxf7 13. e4 e5 14. Qf3 Nc6 15.
exf5 Nxd4 16. fxg6+ Kxg6 17. Bd3+ Kg7 18. Qg3+ Kf8 19. Be4 c6 20. O-O-O Qf6 21.
Rd2 Rg8 22. Qe3 Re8 23. h5 c5 24. Bg6 Re7 25. Rf1 Qf4 26. Qd3 Kg7 27. Re1 Rf8
28. Re3 Kh8 29. Be4 Rg7 30. g3 Qg5 31. Bg6 Rb7 32. b3 b5 33. cxb5 Rxb5 34. Kb2
a5 35. Qc4 a4 36. Qxa4 Rfb8 37. Qc4 Qf6 38. Qc3 Rb4 39. Re4 Nc6 40. f4 Rxe4 41.
Bxe4 Nd4 42. Bb1 exf4 43. gxf4 Qxf4 44. Qd3 Qf7 45. Rf2 Qg7 46. Qe4 c4 47. Kc1
cxb3 48. a4 b2+ 49. Kd1 Rc8 50. Rg2 Rc1+ 51. Kd2 Nb3+ 52. Ke2 Nd4+ 53. Kf2 Qf6+
54. Kg3 Qg5+ 55. Kh2 Qh4+ 56. Qxh4 Nf3+ 57. Kg3 Nxh4 58. Kxh4 Rxb1 59. Rg6 Rh1+ 0-1

[Event "Titled Tue 26th Aug Late"]
[Site "chess.com INT"]
[Date "2025.08.26"]
[Round "3"]
[White "Beznosov, Timofey"]
[Black "Mayans Calvo, Mariano"]
[Result "1-0"]
[WhiteTitle "CM"]
[BlackTitle "CM"]
[WhiteElo "2131"]
[BlackElo "2101"]
[WhiteFideId "34497951"]
[BlackFideId "2251426"]
[EventDate "2025.08.26"]

1. a3 e5 2. e3 f5 3. d4 e4 4. c4 Nf6 5. Nc3 c6 6. h4 d5 7. Nh3 Bd6 8. Nf4 O-O 9.
cxd5 Bxf4 10. exf4 Nxd5 11. Nxd5 Qxd5 12. Be3 Be6 13. Rc1 Nd7 14. Be2 a5 15. h5
h6 16. Rh3 Nf6 17. Rg3 Qd6 18. d5 Nxd5 19. Bc5 Qxf4 20. Bxf8 Rxf8 21. Qd2 e3 22.
Rxe3 Nxe3 23. Qxe3 Qxe3 24. fxe3 f4 25. e4 Re8 26. Rc5 a4 27. Kf2 Bf7 28. Kf3 b6
29. Rf5 g6 30. hxg6 Bxg6 31. Rxf4 Kg7 32. Bd3 Rd8 33. Ke3 b5 34. Rf1 c5 35. Bxb5
Rb8 36. Bxa4 Rxb2 37. Rf2 Rb1 38. Bc2 Ra1 39. a4 Ra3+ 40. Kf4 Kf6 41. e5+ Kg7
42. Bxg6 Kxg6 43. Rd2 Rxa4+ 44. Kf3 Kf5 45. Rd6 Ra3+ 46. Kf2 Kxe5 47. Rxh6 c4
48. Rh4 Kd5 49. Rh8 Ra2+ 50. Ke3 Rxg2 51. Rh5+ Kc6 52. Kd4 Rg4+ 53. Kc3 Rf4 54.
Re5 Kd6 55. Rh5 Re4 56. Rh6+ Kd5 57. Rh5+ Kc6 58. Rh6+ Kb5 59. Rh5+ Ka4 60. Rh6
Rf4 61. Rh5 Rg4 62. Rc5 Ka3 63. Ra5# 1-0

[Event "Titled Tue 26th Aug Late"]
[Site "chess.com INT"]
[Date "2025.08.26"]
[Round "3"]
[White "Kao, Jamison Edrich"]
[Black "Smieszek, Wojciech"]
[Result "1/2-1/2"]
[WhiteTitle "CM"]
[BlackTitle "CM"]
[WhiteElo "2081"]
[BlackElo "2141"]
[WhiteFideId "6007937"]
[BlackFideId "1156047"]
[EventDate "2025.08.26"]

1. e4 c5 2. Nf3 g6 3. c3 Bg7 4. d4 cxd4 5. cxd4 d5 6. e5 Nh6 7. Bb5+ Bd7 8.
Bxd7+ Qxd7 9. O-O O-O 10. Nc3 Nc6 11. Qd3 e6 12. Re1 Nf5 13. g4 Nfe7 14. b3 f6
15. exf6 Bxf6 16. Bh6 Bg7 17. Bxg7 Kxg7 18. Ng5 Rf6 19. Qe3 e5 20. dxe5 Qxg4+
21. Qg3 Qxg3+ 22. hxg3 Rf5 23. Ne6+ Kf7 24. Nc7 Rc8 25. N7xd5 Nxd5 26. Nxd5 Nxe5
27. Ne3 Nf3+ 28. Kf1 Nxe1 29. Nxf5 gxf5 30. Rxe1 Kf6 31. Re2 h5 32. Kg2 a5 33.
Rd2 Ke5 34. Rd7 Rc2 35. Rxb7 Rxa2 36. Rb5+ Ke4 37. b4 axb4 38. Rxb4+ Ke5 39. Rf4
Kf6 40. Kh3 Kg5 41. Rf3 Rb2 42. Kg2 Rb4 43. Ra3 Rb2 44. Ra8 Rc2 45. Rg8+ Kf6 46.
Rf8+ Kg5 47. Re8 Rb2 48. Kf3 Rb3+ 49. Kg2 Rb2 50. Re3 Ra2 51. Rb3 Rc2 52. Rb4
Ra2 53. Rc4 Rb2 54. Rc3 Ra2 55. Kf3 Rb2 56. Rc7 Rb3+ 57. Kg2 Rb2 58. Rc8 Ra2 59.
Rg8+ Kf6 60. Kf3 Ra3+ 61. Ke2 Ra2+ 62. Ke3 Ra3+ 63. Kf4 Ra4+ 64. Kf3 Ra3+ 65.
Kg2 Ra2 66. Rb8 Kg5 67. Rb4 Rc2 68. Rd4 Ra2 69. Rf4 Rb2 70. Kh2 Ra2 71. Kg1 Rb2
72. Kg2 Ra2 73. Kh3 Rb2 74. Rf3 Ra2 75. Kh2 Rb2 76. Kg1 Ra2 77. Rb3 Rc2 78. Ra3
Rb2 79. Kg2 Rc2 80. Ra8 Rb2 81. Rf8 Ra2 82. Rg8+ Kf6 1/2-1/2

[Event "Titled Tue 26th Aug Late"]
[Site "chess.com INT"]
[Date "2025.08.26"]
[Round "3"]
[White "Ozates, Tuna"]
[Black "Pereyra, Horacio"]
[Result "0-1"]
[WhiteTitle "FM"]
[WhiteElo "2217"]
[BlackElo "2133"]
[WhiteFideId "6354521"]
[BlackFideId "113700"]
[EventDate "2025.08.26"]

1. c4 g6 2. Nc3 Bg7 3. g3 d6 4. Bg2 Nd7 5. e4 e5 6. Nge2 Ne7 7. O-O O-O 8. d3 h6
9. f4 f5 10. Be3 Nf6 11. h3 c6 12. Qd2 Kh7 13. exf5 gxf5 14. d4 e4 15. d5 c5 16.
Kh2 Rg8 17. Rab1 h5 18. b4 b6 19. bxc5 bxc5 20. Qe1 Ng6 21. Bc1 h4 22. gxh4 Nh5
23. Nd1 Nxh4 24. Bh1 Bh6 25. Be3 Ba6 26. Ndc3 Bxc4 27. Rb7+ Rg7 28. Rxg7+ Bxg7
29. Rg1 Qf6 30. Rg5 Bh6 31. Rxh5 Ng6 32. Ng3 Ne7 33. Bxe4 fxe4 34. Ncxe4 Qb2+
35. Kh1 Bxd5 36. f5 Nxf5 37. Bxh6 Nxg3+ 38. Qxg3 Bxe4+ 39. Kg1 Bg6 40. Bc1+ Bxh5
41. Bxb2 Rg8 42. Kf2 Rxg3 43. Kxg3 Kg6 44. Kf4 Kf7 45. h4 Kg6 46. Ke4 Kf7 47.
Kd5 Ke7 48. Bc1 Bf3+ 49. Kc4 Kd7 50. Kd3 Kc6 51. Ke3 Bd5 52. h5 Bxa2 53. h6 Bg8
54. Kf4 d5 55. Ke5 Bh7 56. Kf6 d4 57. Kg7 Be4 58. h7 Bxh7 59. Kxh7 c4 60. Kg6 c3
61. Kf5 d3 0-1

[Event "Titled Tue 26th Aug Late"]
[Site "chess.com INT"]
[Date "2025.08.26"]
[Round "3"]
[White "Shurakov, Denis"]
[Black "Nicot, Valentin"]
[Result "1-0"]
[WhiteTitle "CM"]
[BlackTitle "CM"]
[WhiteElo "2085"]
[BlackElo "2140"]
[WhiteFideId "4149734"]
[BlackFideId "651002477"]
[EventDate "2025.08.26"]

1. Nf3 Nf6 2. d4 e6 3. e3 b6 4. Be2 Bb7 5. O-O Be7 6. b3 O-O 7. Bb2 a5 8. a3 d6
9. c4 Nbd7 10. Nc3 Ne4 11. Rc1 f5 12. Nxe4 Bxe4 13. Nd2 Bb7 14. Bf3 Bxf3 15.
Qxf3 Bf6 16. e4 c5 17. exf5 Bxd4 18. Bxd4 cxd4 19. Qe4 e5 20. Qd5+ Kh8 21. Qxd6
Rxf5 22. Ne4 Nf6 23. Qe6 Rf4 24. Nd6 Qd7 25. Qxe5 Rh4 26. Nb5 Re8 27. Qg3 Rg4
28. Qf3 Rg6 29. Rcd1 Rf8 30. Rxd4 Qf7 31. Nd6 Qe6 32. Nb5 Qf7 33. h3 h6 34. Rf4
Kh7 35. Nc3 Qe6 36. Nd5 Qe8 37. Nxf6+ Rgxf6 38. Rxf6 Rxf6 39. Qd3+ Kh8 40. b4
axb4 41. axb4 Qe7 42. Qd4 Qxb4 43. Qd8+ Qf8 44. Qd3 Rc6 45. Rb1 Rf6 46. Qe3 Qf7
47. Rxb6 Rxb6 48. Qxb6 Qxc4 49. Qd8+ Kh7 50. Qd2 Qf7 51. Qe3 Qa2 52. f3 Qb1+ 53.
Kh2 Qb8+ 54. f4 Qb7 55. Qe5 Qb4 56. Qf5+ Kh8 57. Qg4 Kh7 58. Qf3 Qd6 59. Kg3
Qg6+ 60. Kf2 Qd6 61. Qe4+ Kh8 62. Kf3 Qd1+ 63. Kg3 Qd6 64. Kh2 Kg8 65. h4 1-0

[Event "Titled Tue 26th Aug Late"]
[Site "chess.com INT"]
[Date "2025.08.26"]
[Round "3"]
[White "Ocampos, Ian"]
[Black "Donoso Aguirre, Maximiliano"]
[Result "0-1"]
[BlackTitle "CM"]
[WhiteElo "2195"]
[BlackElo "1978"]
[WhiteFideId "117544"]
[BlackFideId "3458920"]
[EventDate "2025.08.26"]

1. e4 e5 2. Nf3 Nc6 3. Bc4 Bc5 4. b4 Bxb4 5. c3 Ba5 6. d4 d6 7. Qb3 Qd7 8. O-O
Bb6 9. Bb5 a6 10. Ba4 Ba7 11. Bxc6 Qxc6 12. dxe5 dxe5 13. Nxe5 Qe6 14. Nf3 Ne7
15. Ba3 Qxb3 16. axb3 Be6 17. c4 Nc6 18. Rd1 Bg4 19. Nc3 Bxf3 20. gxf3 Nd4 21.
Rd3 O-O-O 22. Nd5 c6 23. Ne7+ Kb8 24. Kg2 Nc2 25. Rxd8+ Rxd8 26. Ra2 Nxa3 27.
Rxa3 Bc5 28. Nxc6+ bxc6 29. Rxa6 Kb7 30. Ra2 Rd3 31. Rb2 Bd4 32. Rb1 Rd2 33. f4
Rxf2+ 34. Kg3 c5 35. b4 Rc2 36. bxc5+ Kc7 37. Rb5 Rxc4 38. e5 Rxc5 39. Rb4 Bc3
40. Ra4 Ba5 41. Kg4 Kd7 42. Rd4+ Ke7 43. Rd6 Bc7 44. Ra6 Rc2 45. h4 Rc4 46. Ra7
h6 47. h5 Ke6 48. Ra6+ Kd7 49. Ra7 Rc1 50. Kf5 Rh1 51. Kg4 Rg1+ 52. Kf5 Rf1 53.
Kg4 Kd8 54. Ra8+ Kd7 55. Ra7 Rg1+ 56. Kf5 Rb1 57. Kg4 Rb6 58. Kf5 g6+ 59. hxg6
fxg6+ 60. Kg4 Kd8 61. Ra8+ Kd7 62. Rg8 h5+ 63. Kg3 Bd8 64. Rg7+ Be7 65. Kf3 h4
66. Kg4 Rb3 67. e6+ Kd6 68. Rxg6 Rg3+ 69. Kf5 Rxg6 70. Kxg6 h3 71. f5 h2 72. f6
h1=Q 73. fxe7 Kxe7 0-1

[Event "Titled Tue 26th Aug Late"]
[Site "chess.com INT"]
[Date "2025.08.26"]
[Round "3"]
[White "Hungaski, Robert"]
[Black "Ferriz Barrios, Andres"]
[Result "1-0"]
[WhiteTitle "GM"]
[BlackTitle "FM"]
[WhiteElo "2477"]
[BlackElo "2102"]
[WhiteFideId "2021030"]
[BlackFideId "5104467"]
[EventDate "2025.08.26"]

1. e4 e6 2. Qe2 d5 3. exd5 Qxd5 4. Nc3 Qd8 5. Nf3 Nc6 6. g3 Nf6 7. Bg2 Be7 8.
O-O O-O 9. Rd1 Nd4 10. Nxd4 Qxd4 11. Nb5 Qb6 12. d4 c6 13. Nc3 Rd8 14. Qc4 Bd7
15. a4 Be8 16. a5 Qb4 17. Qxb4 Bxb4 18. Bg5 a6 19. Ne4 Be7 20. Nc5 Rab8 21. c3
h6 22. Bf4 Bd6 23. Be5 Bxe5 24. dxe5 Ng4 25. Nd3 Rxd3 26. Rxd3 Nxe5 27. Rdd1 c5
28. b3 Bb5 29. f4 Ng6 30. c4 Be8 31. Rd6 Ne7 32. Rb6 Bc6 33. Rd1 Bxg2 34. Kxg2
Nc6 35. Rd7 Nxa5 36. Rc7 Rd8 37. Rxc5 Nc6 38. Rxb7 Rd2+ 39. Kf1 Nd4 40. Rc8+ Kh7
41. Rd8 f6 42. Re7 e5 43. fxe5 fxe5 44. Rxe5 Nxb3 45. Rb8 Nc1 46. c5 Nd3 47. Rf5
Rc2 48. Rc8 Rxh2 49. c6 Rc2 50. c7 a5 51. Rxa5 Nb4 52. Ra7 Nd5 53. Rb7 Ne3+ 54.
Ke1 Ng2+ 55. Kd1 Ne3+ 56. Ke1 Ng2+ 57. Kf1 Ne3+ 58. Kg1 Rg2+ 59. Kh1 Rc2 60. Rd8
Rc1+ 61. Kh2 Rc2+ 62. Kg1 Rg2+ 63. Kh1 Rf2 64. c8=Q Rf1+ 65. Kh2 Rf2+ 66. Kg1
Rf1+ 67. Kh2 Rf2+ 68. Kh3 h5 69. Rh8+ Kg6 70. Rb6+ Kg5 71. Qc5+ Nf5 72. Rxh5+
Kxh5 73. g4+ Kg5 74. Qxf2 Nh6 75. Rb5+ Kg6 76. Qc2+ 1-0

[Event "Titled Tue 26th Aug Late"]
[Site "chess.com INT"]
[Date "2025.08.26"]
[Round "3"]
[White "Erdogan, Anil Berk"]
[Black "Dyachuk, Artem"]
[Result "1-0"]
[WhiteTitle "CM"]
[BlackTitle "FM"]
[WhiteElo "2091"]
[BlackElo "2298"]
[WhiteFideId "6348173"]
[BlackFideId "34107924"]
[EventDate "2025.08.26"]

1. e4 e5 2. Nf3 Nc6 3. Bb5 a6 4. Ba4 Bc5 5. c3 Nge7 6. d4 exd4 7. cxd4 Bb4+ 8.
Bd2 Bxd2+ 9. Nbxd2 d5 10. e5 O-O 11. O-O f6 12. Bc2 Bg4 13. exf6 gxf6 14. h3 Bh5
15. Nb3 Kh8 16. Nc5 Qc8 17. Qd3 Rf7 18. Bd1 b6 19. Nb3 Ng6 20. Qc3 Nce7 21. Nh2
Bxd1 22. Raxd1 Nf4 23. Kh1 Neg6 24. Qf3 a5 25. Rfe1 a4 26. Nc1 c5 27. Nd3 Nxd3
28. Rxd3 c4 29. Rde3 Qf8 30. Ng4 Rd8 31. Re6 b5 32. Rxf6 Rxf6 33. Qxf6+ Qxf6 34.
Nxf6 Kg7 35. Ne8+ Kf7 36. Nc7 b4 37. Na6 b3 38. axb3 axb3 39. Nb4 Nf4 40. g3 Ne6
41. Rd1 Rd6 42. f4 Nc7 43. Ra1 Nb5 44. Ra5 Nxd4 45. Nxd5 Nc6 46. Rc5 Ke6 47. Nc3
Nd4 48. Rxc4 Nf5 49. g4 Nh4 50. Kh2 Nf3+ 51. Kg3 Nd2 52. Rb4 Rd3+ 53. Kh4 Nf3+
54. Kh5 Nd4 55. h4 Kf6 56. Ne4+ Kf7 57. Ng5+ Ke7 58. Rb7+ Kd6 59. f5 Kc6 60.
Rxh7 Ne2 61. f6 Nf4+ 62. Kh6 Rd6 63. Kg7 Nd5 64. f7 Rd7 65. Kg8 Nf6+ 66. Kg7
Nxh7 67. Nxh7 Kd5 68. g5 Ke6 69. g6 Ra7 70. Kg8 Ra8+ 71. f8=Q Rxf8+ 72. Kxf8 Kf5
73. g7 Ke4 74. g8=Q Kd3 75. Qxb3+ Kd2 76. Qf7 Kc1 77. b4 Kb1 78. b5 Ka1 79. b6
Kb1 80. b7 Ka1 81. Qc7 Kb1 82. Qc6 Ka1 83. Qb6 Ka2 84. b8=Q Ka1 85. Qa8# 1-0

[Event "Titled Tue 26th Aug Late"]
[Site "chess.com INT"]
[Date "2025.08.26"]
[Round "3"]
[White "Niemann, Hans Moke"]
[Black "Korchynskyi, Mykola"]
[Result "1-0"]
[WhiteTitle "GM"]
[BlackTitle "FM"]
[WhiteElo "2736"]
[BlackElo "2359"]
[WhiteFideId "2093596"]
[BlackFideId "34138005"]
[EventDate "2025.08.26"]

1. e4 e6 2. d4 d5 3. e5 c5 4. c3 Nc6 5. Nf3 Qc7 6. g3 f6 7. exf6 Nxf6 8. Bg2 Bd6
9. O-O O-O 10. Re1 Bd7 11. Be3 cxd4 12. cxd4 Ng4 13. Nc3 a6 14. Rc1 Qb6 15. Na4
Qa5 16. Bd2 Qc7 17. Nc5 Bxc5 18. Rxc5 Qb6 19. Qb3 Qxb3 20. axb3 Rac8 21. Rec1
Nf6 22. Be3 Ne4 23. R5c2 Nd6 24. g4 Nb5 25. h3 Nb4 26. Rxc8 Rxc8 27. Rxc8+ Bxc8
28. Bf1 Bd7 29. Kh2 Nc6 30. Bd3 h6 31. Kg3 Kf7 32. h4 Na5 33. Bc2 Nd6 34. Ne5+
Ke7 35. g5 h5 36. g6 Be8 37. Bg5+ Kf8 38. Kf4 Nb5 39. Ke3 Nd6 40. Bd1 Nf5+ 41.
Kd3 Nc6 42. Nxc6 bxc6 43. Bxh5 Ne7 44. Kc3 Nxg6 45. Kb4 Ne7 46. Bxe8 Kxe8 47.
Bxe7 Kxe7 48. Kc5 Kd7 49. h5 Kc7 50. f4 Kd7 51. Kb6 Ke7 52. Kxc6 Kf6 53. Kb6 Kf5
54. Kxa6 Kxf4 55. b4 e5 56. dxe5 d4 57. e6 d3 58. e7 d2 59. e8=Q d1=Q 60. Qf7+
Ke5 61. Qxg7+ Kf5 62. Qg6+ Kf4 63. Qf6+ Kg4 64. b5 Qa4+ 65. Kb6 Kxh5 66. Qe5+
Kg6 67. Qd6+ Kf7 68. Qc5 Qb3 69. Qc3 Qe6+ 70. Ka7 Qa2+ 71. Kb7 Qd5+ 72. Ka6 Qa2+
73. Qa3 Qe6+ 74. b6 Qc4+ 75. Ka7 Qd4 76. Qc3 Qf2 77. b4 Ke7 78. Qc5+ 1-0

[Event "Titled Tue 26th Aug Late"]
[Site "chess.com INT"]
[Date "2025.08.26"]
[Round "3"]
[White "Papasimakopoulos, Alexandros"]
[Black "Terry, Renato"]
[Result "0-1"]
[WhiteTitle "IM"]
[BlackTitle "IM"]
[WhiteElo "2361"]
[BlackElo "2508"]
[WhiteFideId "4244125"]
[BlackFideId "3803457"]
[EventDate "2025.08.26"]

1. d4 e6 2. c4 Bb4+ 3. Bd2 Qe7 4. g3 Nf6 5. Bg2 O-O 6. Nf3 Bxd2+ 7. Qxd2 d6 8.
O-O e5 9. dxe5 dxe5 10. Nc3 c6 11. Rfd1 Re8 12. Qd6 Qxd6 13. Rxd6 Na6 14. Rad1
h6 15. Nd2 Bf5 16. Nde4 Bxe4 17. Nxe4 Nxe4 18. Bxe4 Nc5 19. Bc2 a5 20. b3 Kf8
21. Kf1 Re6 22. Rxe6 Nxe6 23. Rd7 Nc5 24. Rc7 Rb8 25. Bf5 g6 26. Bh3 Na6 27. Rd7
Ke8 28. Ke1 Nc5 29. Rc7 h5 30. f3 Na6 31. Rd7 Nc5 32. Rc7 a4 33. bxa4 Nxa4 34.
Kd2 Nc5 35. Kc3 Ra8 36. Kb2 Ra4 37. Rc8+ Ke7 38. Rc7+ Kf8 39. Rc8+ Kg7 40. Re8
Kf6 41. Bf1 Rxc4 42. e4 Rd4 43. Kc2 Ra4 44. Kb2 Ne6 45. Rb8 b5 46. Rc8 Nd4 47.
f4 Ra7 48. Re8 Re7 49. Rd8 Ra7 50. Rd6+ Ke7 51. fxe5 c5 52. Rd5 Rc7 53. a3 Ke6
54. Bh3+ Ke7 55. Bf1 g5 56. h4 gxh4 57. gxh4 Ke6 58. Bh3+ Ke7 59. e6 fxe6 60.
Rxh5 Kd6 61. e5+ Kd5 62. Kc3 Ne2+ 63. Kd2 Nf4 64. Bxe6+ Kxe6 65. Rh8 Kxe5 66. h5
Ra7 67. h6 Ng6 68. Rg8 Kf6 69. Rc8 c4 70. Rc5 Rxa3 71. Rxb5 Ne5 72. Rb6+ Kf5 73.
h7 Rh3 74. Rb7 Ke4 75. Rg7 Kd4 76. Kc2 Rh2+ 77. Kb1 c3 78. Kc1 Nd3+ 79. Kb1 c2+
80. Ka2 c1=Q+ 81. Kb3 Qc3+ 82. Ka4 Qb4# 0-1

[Event "Titled Tue 26th Aug Late"]
[Site "chess.com INT"]
[Date "2025.08.26"]
[Round "3"]
[White "Pliukha, Myhajlo"]
[Black "Liu, Zachary Hankun"]
[Result "1/2-1/2"]
[WhiteElo "2209"]
[BlackElo "1998"]
[WhiteFideId "14164698"]
[BlackFideId "2640287"]
[EventDate "2025.08.26"]

1. e4 c5 2. d4 cxd4 3. Qxd4 Nc6 4. Qd3 g6 5. Nc3 Bg7 6. Nf3 Nf6 7. Be2 O-O 8.
O-O d6 9. Nd5 Bg4 10. c3 Rc8 11. Bg5 Bxf3 12. Qxf3 Nd7 13. Rfe1 h6 14. Be3 Nce5
15. Qh3 Kh7 16. a4 Nc4 17. Bc1 Na5 18. Ra3 Ne5 19. Be3 Nec4 20. Raa1 Nxe3 21.
Qxe3 Nc6 22. a5 e6 23. Nf4 a6 24. b4 Ne7 25. Rac1 Qc7 26. c4 Nc6 27. Qd2 Rfd8
28. Red1 Nd4 29. Qd3 d5 30. g3 dxc4 31. Qe3 Nxe2+ 32. Qxe2 Rxd1+ 33. Qxd1 c3 34.
Rc2 Rd8 35. Qe2 Qd6 36. b5 Qd1+ 37. Kg2 Qxe2 38. Nxe2 Rd2 39. bxa6 bxa6 40. Rxc3
Rxe2 41. Rc6 Rxe4 42. Rxa6 Bc3 43. Ra7 Kg7 44. a6 Ra4 45. Ra8 Bd4 46. f4 Ra2+
47. Kf3 Rxh2 48. Rd8 Bb6 49. Rb8 Ba7 50. Rb7 Bg1 51. Rb1 Bc5 52. Rb5 Bd4 53. Rb4
Rd2 54. g4 f5 55. g5 hxg5 56. fxg5 Rf2+ 57. Kg3 Rd2 58. Rb7+ Kf8 59. a7 Bxa7 60.
Rxa7 Rd4 61. Kf3 Rg4 62. Ra8+ Ke7 63. Ra7+ Kd6 64. Ra6+ Kc7 65. Rxe6 Rxg5 66.
Ra6 Rg4 67. Rf6 Kd7 68. Ra6 Ke7 69. Rb6 Kf7 70. Rd6 Kg7 71. Ra6 Kh6 72. Ra8 Kg5
73. Ra1 Rb4 74. Rg1+ Kf6 75. Rc1 Rb6 76. Rc5 g5 77. Rc3 Rd6 78. Re3 Kg6 79. Ra3
Kh5 80. Ra5 Rd3+ 81. Ke2 Rd6 82. Rxf5 Kg4 83. Rf8 Kg3 84. Ke1 g4 85. Rf2 Re6+
86. Kf1 Ra6 87. Rb2 Ra1+ 88. Ke2 Kh3 89. Rb8 Kg2 90. Rg8 g3 91. Rg7 Ra6 92. Re7
Rf6 93. Ke3 Kf1 94. Ra7 Kg1 95. Ke2 g2 96. Rg7 Rh6 97. Kf3 Rf6+ 98. Ke2 Re6+ 99.
Kf3 Re8 100. Rxg2+ Kf1 101. Rf2+ Kg1 102. Ra2 Rf8+ 103. Kg3 Rg8+ 104. Kf3 Rf8+
105. Kg3 Rg8+ 106. Kh3 Rh8+ 107. Kg4 Rg8+ 108. Kf3 Rf8+ 1/2-1/2

[Event "Titled Tue 26th Aug Late"]
[Site "chess.com INT"]
[Date "2025.08.26"]
[Round "3"]
[White "Ono, David"]
[Black "Jimenez Salas, Maria Teresa"]
[Result "0-1"]
[BlackTitle "WIM"]
[WhiteElo "2110"]
[BlackElo "2249"]
[WhiteFideId "146943"]
[BlackFideId "3843866"]
[EventDate "2025.08.26"]

1. c4 c6 2. Nf3 d5 3. g3 Nf6 4. Bg2 Bf5 5. O-O h6 6. cxd5 cxd5 7. d3 e6 8. Qb3
Qb6 9. Qxb6 axb6 10. Nc3 Nc6 11. Nb5 Ra5 12. Nc3 Bd6 13. Be3 Bc5 14. Bd2 Ra6 15.
a3 O-O 16. Nb5 Nd7 17. Rac1 Raa8 18. Rfd1 Rac8 19. Bc3 Bg4 20. d4 Be7 21. h3 Bh5
22. Bd2 Na5 23. Bxa5 bxa5 24. Rc3 Nb6 25. g4 Bg6 26. Rdc1 Be4 27. Ne5 Bxg2 28.
Kxg2 Bg5 29. e3 Rfd8 30. Rc5 Be7 31. R5c3 Bf6 32. Nf3 Nc4 33. b3 Nb6 34. Rxc8
Rxc8 35. Rxc8+ Nxc8 36. Ne5 Be7 37. a4 Bb4 38. Nd3 Be7 39. Kf3 Kf8 40. Ke2 Ke8
41. Ne5 f6 42. Ng6 Bb4 43. Kd3 Kf7 44. Nf4 Ne7 45. Nh5 e5 46. dxe5 fxe5 47. Ng3
Ke6 48. f3 Kd7 49. Nh5 g6 50. Ng3 Kc6 51. Ne2 Nc8 52. Nec3 Nb6 53. Ne2 Nd7 54.
Nec3 Nc5+ 55. Kc2 d4 56. exd4 exd4 57. Ne4 Kd5 58. Nxc5 Bxc5 59. Kd3 Ke5 60. Nc7
Bb6 61. Nb5 Kf4 62. Ke2 Kg3 63. Nd6 Kxh3 64. Nxb7 h5 65. gxh5 gxh5 66. Nd6 Kg2
67. f4 h4 68. f5 h3 69. f6 Bc5 70. Ne4 h2 71. Nxc5 h1=Q 72. Kd3 Qf1+ 73. Kxd4
Qxf6+ 74. Kc4 Qb6 75. Nd3 Kf1 76. Kc3 Ke2 77. Nf4+ Kd1 78. Nd3 Qc6+ 79. Kd4 Kd2
80. Nc5 Qd6+ 81. Kc4 Qb6 82. Nd3 Kc2 83. Nc5 Qb4+ 84. Kd5 Kc3 85. Ne4+ Kd3 86.
Nc5+ Ke3 87. Kc6 Kd4 88. Ne6+ Ke5 89. Nc5 Qc3 90. Kb5 Kd4 91. Na6 Kd5 92. Nc7+
Qxc7 93. b4 axb4 94. Kxb4 Qb6+ 95. Ka3 Qa7 96. Kb3 Kc5 97. Kc3 Kb6 98. Kb2 Ka6
99. Kb3 Ka5 100. Ka3 Qb7 101. Ka2 Qb4 102. Ka1 Qxa4+ 103. Kb2 Qb4+ 104. Kc2 Qc4+
105. Kb2 Qe2+ 106. Ka3 Qd3+ 107. Kb2 Qd2+ 108. Ka1 Kb4 109. Kb1 Kb3 110. Ka1
Qb2# 0-1

[Event "Titled Tue 26th Aug Late"]
[Site "chess.com INT"]
[Date "2025.08.26"]
[Round "3"]
[White "Bluebaum, Matthias"]
[Black "Zouaghi, Amir"]
[Result "1-0"]
[WhiteTitle "GM"]
[BlackTitle "FM"]
[WhiteElo "2660"]
[BlackElo "2301"]
[WhiteFideId "24651516"]
[BlackFideId "249262"]
[EventDate "2025.08.26"]

1. d4 c5 2. d5 e5 3. c4 d6 4. e4 Be7 5. Nf3 f5 6. exf5 Bxf5 7. Nc3 Nf6 8. Ng5 h6
9. Ne6 Bxe6 10. dxe6 Qc8 11. Nd5 Na6 12. Bd3 Qxe6 13. O-O O-O 14. Bf5 Qf7 15.
Bg6 Qe6 16. Nxf6+ Rxf6 17. Be4 Nc7 18. b3 Raf8 19. Bxb7 Kh8 20. Qe2 Qd7 21. Be4
Ne6 22. Bd3 Nd4 23. Qe4 Qf5 24. Qxf5 Nxf5 25. Bd2 Nd4 26. Rae1 R6f7 27. Bg6 Rf6
28. Be4 Bd8 29. f3 a5 30. Re3 R6f7 31. Rd3 Ra7 32. g3 Bg5 33. Be1 Rb8 34. f4
exf4 35. gxf4 Bxf4 36. Kg2 Be5 37. Bg6 a4 38. b4 cxb4 39. Bxb4 Rab7 40. Bc3 Nc6
41. Rdf3 Bf6 42. Rxf6 gxf6 43. Rxf6 Kg8 44. Rxd6 Ne7 45. Be4 Rb2+ 46. Bxb2 Rxb2+
47. Kg3 Rxa2 48. Ra6 a3 49. c5 Re2 50. Bd3 Re5 51. Bc4+ Kg7 52. Rxa3 Rxc5 53.
Bd3 Kf6 54. Kf4 Rc6 55. Be4 Rd6 56. h4 Ng6+ 57. Kg4 Ne5+ 58. Kg3 Rd4 59. Ra6+
Kg7 60. Kf4 Nf7 61. Ra7 Kf6 62. Ke3 Rb4 63. Ra6+ Kg7 64. Rg6+ Kf8 65. Rf6 Kg7
66. Rg6+ Kf8 67. Re6 Kg7 68. Kf4 Ra4 69. Kf5 Ra5+ 70. Kf4 Ra4 71. Kf3 Rb4 72.
Ke3 Ra4 73. Bd5 Rxh4 74. Re7 Rh3+ 75. Kf2 Rh5 76. Rxf7+ Kg6 77. Rd7 Rf5+ 78. Ke3
Rf6 79. Be4+ Kg5 80. Rg7+ Kh4 81. Bf3 Re6+ 82. Kf4 Rf6+ 83. Ke4 Rf8 84. Rh7 Kg5
85. Rg7+ Kh4 86. Rg6 Re8+ 87. Kf4 Rf8+ 88. Ke3 Re8+ 89. Kf2 Rf8 90. Rg4+ Kh3 91.
Rg1 Kh4 92. Rg4+ Kh3 93. Ra4 h5 94. Rb4 Rf7 95. Ra4 Rf8 96. Ra1 Kh4 97. Rg1 Rf7
98. Rg6 Rf8 99. Rg2 Rf7 100. Rh2+ Kg5 101. Rxh5+ Kg6 102. Ra5 Kg7 103. Kg3 Kf8
104. Kg4 Rc7 105. Be4 Rc1 106. Kg5 Rg1+ 107. Kf6 Ke8 108. Bf5 Kd8 109. Rc5 1-0